Fr. Conceicao Rodrigues College of Engineering

Power Supply Systems- Equipment Engg and Planning Instrustions (Record no. 20234)

MARC details
000 -LEADER
fixed length control field 00341nam a2200145Ia 4500
082 ## - DEWEY DECIMAL CLASSIFICATION NUMBER
Classification number 621.38232
100 ## - MAIN ENTRY--PERSONAL NAME
Personal name Gumhalter/ H.
245 ## - TITLE STATEMENT
Title Power Supply Systems- Equipment Engg and Planning Instrustions
260 ## - PUBLICATION, DISTRIBUTION, ETC.
Name of publisher, distributor, etc. Wiley eastern
Place of publication, distribution, etc. New Delhi
Date of publication, distribution, etc. 1989
490 ## - SERIES STATEMENT
Volume/sequential designation II
546 ## - LANGUAGE NOTE
Language note ENGLISH
654 ## - SUBJECT ADDED ENTRY--FACETED TOPICAL TERMS
Focus term Power
942 ## - ADDED ENTRY ELEMENTS (KOHA)
Koha item type BOOK
Holdings
Withdrawn status Lost status Damaged status Not for loan Collection Home library Current library Date acquired Total Checkouts Full call number Barcode Date last seen Price effective from Koha item type
        CRC Fr. Agnel's C.Rodrigues College of Engineering Fr. Agnel's C.Rodrigues College of Engineering 17/03/2023   621.38232 5053 17/03/2023 17/03/2023 BOOK